000 00692nam a22002177a 4500
999 _c7991
_d7991
001 7991
003 OSt
005 20181120101121.0
008 180217b1992 bg ||||| |||| 00| 0 ben d
035 _a(BD-JhCC)7991
040 _aBD-JhCC
_dBD-JhCC
041 _aben
082 _a151.2
_bMOS 1996
245 _aমনস্তাত্বিক ও বদ্ধিমত্তা পরীক্ষা /
_cডা: মো: শফিকুর রহমান
260 _aঢাকা :
_bবিশ্বপরিচয়,
_c1996
300 _a220 p. :
_c20 cm.
650 _aIntelligence test
700 _aরহমান, মো: শফিকুর
942 _2ddc
_cBK